000 01323nam2a2200253 4500
001 rc\2949449
005 20260315060157.0
035 _a(NLR Aleph) 007097219
090 _a13601481
_c13601481
100 _a20110830d1939 u y0rusy50 ca
101 0 _arus
102 _aRU
105 _aa z |||||
200 1 _aОбщая
210 _d1939
215 _a238 с., 32 вкл. л. ил.
_cил. и схем.
320 _aПредм. указатель: с. 235-7
320 _aБиблиогр. в конце глав
461 0 _1001rc\2949448
_12001#$aРентгенодиагностика заболеваний суставов$e[Ч. 1]-$fпроф. Д.Г. Рохлин, (ин-ты: ОЗД и П, Рентгенологический и Травматологический)$v[Ч. 1]
_1700#1$aРохлин$bД.Г.$gДмитрий Герасимович$f1895-1981
_96633680
_aРохлин, Д.Г. (1895-1981)
_cЛенинград
_d1939
_fпроф. Д.Г. Рохлин, (ин-ты: ОЗД и П, Рентгенологический и Травматологический)
_nИн-т ОЗД и П.
_o[Ч. 1]-
_tРентгенодиагностика заболеваний суставов
_v[Ч. 1]
801 0 _aRU
_bNLR
_gpsbo
801 1 _aRU
_bELAR
_2rusmarc
852 _aNLR
_j39-18/137(1)
942 _cUNSPEC
980 _aNB